La política pública distrital de ruralidad de Bogotá D.C. : implementación de una política ambiental en el marco del desarrollo humano = The district's rural public policy of Bogota D.C. : implementation of an enviromental policy under the human development framework /
Guardat en:
| Autors principals: | , |
|---|---|
| Altres autors: | |
| Format: | Electrònic eBook |
| Idioma: | espanyol anglès |
| Publicat: |
Bogotá :
Editorial Uniagustiniana,
2018.
|
| Col·lecció: | Colección Ciencias sociales (Editorial Uniagustiniana)
|
| Matèries: | |
| Accés en línia: | Digitalia Hispánica |
| Etiquetes: |
Afegir etiqueta
Sense etiquetes, Sigues el primer a etiquetar aquest registre!
|
MARC
| LEADER | 00000nam a2200000Ii 4500 | ||
|---|---|---|---|
| 001 | DIGUAGANA0006 | ||
| 003 | NyNyDIG | ||
| 006 | m o d | ||
| 007 | cr ||||||||||| | ||
| 008 | 241206s2018 ck a ob 000 0 spa d | ||
| 035 | |a (OCoLC)1479209683 | ||
| 040 | |a DGITA |b eng |e rda |e pn |c DGITA | ||
| 020 | |a 9789585498167 |q (digital) | ||
| 020 | |z 9789585498150 |q (impreso) | ||
| 041 | 0 | |a spa |a eng |b spa |b eng | |
| 043 | |a s-ck--- | ||
| 050 | 1 | 4 | |a GE190.C7 ebook |
| 100 | 1 | |a Aguilar Galeano, Estíbaliz, |e author. | |
| 245 | 1 | 3 | |a La política pública distrital de ruralidad de Bogotá D.C. : |b implementación de una política ambiental en el marco del desarrollo humano = The district's rural public policy of Bogota D.C. : implementation of an enviromental policy under the human development framework / |c Estíbaliz Aguilar Galeano, Julián Francisco Figueroa Espinel (autores) ; Priy Barthi, traducción al inglés. |
| 246 | 1 | |i English title on cover: |a District's rural public policy of Bogota D.C. : |b implementation of an enviromental policy under the human development framework | |
| 264 | 1 | |a Bogotá : |b Editorial Uniagustiniana, |c 2018. | |
| 300 | |a 1 online resource : |b illustrations. | ||
| 336 | |a text |b txt |2 rdacontent | ||
| 337 | |a computer |b c |2 rdamedia | ||
| 338 | |a online resource |b cr |2 rdacarrier | ||
| 347 | |a text file |2 rdaft | ||
| 347 | |b PDF | ||
| 490 | 1 | |a Colección Ciencias sociales | |
| 504 | |a Includes bibliographical references. | ||
| 546 | |a Text in Spanish and English with abstract in Spanish and English in each chapter. | ||
| 588 | 0 | |a Online resource; title from PDF title page (Digitalia, viewed December 6, 2024) | |
| 650 | 0 | |a Environmental policy |z Colombia |z Bogotá. | |
| 650 | 0 | |a Environmental protection |z Colombia |z Bogotá. | |
| 700 | 1 | |a Figueroa Espinel, Julián Francisco, |e author. | |
| 700 | 1 | |a Barthi, Priy, |e translator. | |
| 776 | 0 | 8 | |i Print version: |a Aguilar Galeano, Estíbaliz. |t Política pública distrital de ruralidad de Bogotá D.C. |d Bogotá : Editorial Uniagustiniana, 2018 |z 9789585498150 |
| 791 | 2 | |a Digitalia (Firm), |e distributor. | |
| 793 | 0 | |g Digitalia eBook Collection: |a Editorial Uniagustiniana | |
| 830 | 0 | |a Colección Ciencias sociales (Editorial Uniagustiniana) | |
| 856 | 4 | 0 | |3 Digitalia Hispánica |u https://digitalia.unach.elogim.com/a/162798/ |
| 910 | |a Premium collection: 2024 | ||